Road safety audit of risalpur cantonment and traffic simulation using PTV vissim (Record no. 553703)
[ view plain ]
| 000 -LEADER | |
|---|---|
| fixed length control field | 00446nam a22001457a 4500 |
| 082 ## - DEWEY DECIMAL CLASSIFICATION NUMBER | |
| Classification number | P679 |
| 100 ## - MAIN ENTRY--PERSONAL NAME | |
| Personal name | Muhammad mehmood masood syn#22 |
| 9 (RLIN) | 50949 |
| 245 ## - TITLE STATEMENT | |
| Title | Road safety audit of risalpur cantonment and traffic simulation using PTV vissim |
| 260 ## - PUBLICATION, DISTRIBUTION, ETC. | |
| Place of publication, distribution, etc. | Risalpur, |
| Name of publisher, distributor, etc. | MCE, |
| Date of publication, distribution, etc. | 2016. |
| 300 ## - PHYSICAL DESCRIPTION | |
| Extent | 56p. |
| 526 ## - STUDY PROGRAM INFORMATION NOTE | |
| Program name | 0 |
| Interest level | 0 |
| Reading level | 0 |
| Title point value | P_679_000000000000000 |
| 526 ## - STUDY PROGRAM INFORMATION NOTE | |
| Program name | 0 |
| Interest level | 0 |
| Reading level | 0 |
| Title point value | P_679_000000000000000 |
| 700 ## - ADDED ENTRY--PERSONAL NAME | |
| Personal name | Lt Col Dr Anwar |
| 9 (RLIN) | 50950 |
| 942 ## - ADDED ENTRY ELEMENTS (KOHA) | |
| Source of classification or shelving scheme | |
| Koha item type | Book |
| Withdrawn status | Lost status | Source of classification or shelving scheme | Damaged status | Not for loan | Permanent Location | Current Location | Date acquired | Total Checkouts | Full call number | Barcode | Date last seen | Date last checked out | Price effective from | Koha item type |
|---|---|---|---|---|---|---|---|---|---|---|---|---|---|---|
| Military College of Engineering (MCE) | Military College of Engineering (MCE) | 07/18/2016 | 2 | P679 | MCE-P-679 | 04/23/2018 | 04/19/2018 | 03/14/2021 | Book | |||||
| Military College of Engineering (MCE) | Military College of Engineering (MCE) | 07/18/2016 | 1 | P679 | MCE-P-680 | 12/12/2019 | 10/21/2019 | 03/14/2021 | Book |
